1431 1690 1522 1980 1970 1231 1317 1202 1909 1857 1243 1898 1992 1633 1421 1456 1446 1536 1097 1947 1540 1921 1568 1195 1912 1725 1391 1490 1446 1547 1314 1718 1148 1729 1770 1313 1853 1167 1356 1897 1413 1421 1243 1186 1035 1555 1737 1109 1527 1131 1513 1606 1677 1786 1135 1300 1304 1353 1634 1236 1273 1018 1063 1895 1965 1887 1469 1843 1265 1179 1311 1950 1202 1162 1843 1505 1189 1124 1650 1844 1044 1091 1223 1661 1563 1890 1320 1490 1143 1358 1050 1100 1386 1493 1244 1651 1068 1803 1677 BCNSPRNW ULIB Ver.6.0+V

เปลี่ยนเป็นภาษาไทย

Change to English
 แสดงรายละเอียดบรรณานุกรม
  กลับหน้าหลัก

Brief Record : Get Marc (ISO 2709) : E-mail record : QR code < ปิดหน้าต่าง
LEADER : 00000nam 2200000uu 4500
001    13399108356
003     ULIB
008    110301s2546||||th 000 0 tha d
020    974909820X
060 04 WY105^bพ474ข 2546
100 0  พวงรัตน์ บุญญานุรักษ์
245 10 ขุมปัญญาทางพยาบาลศาสตร์ =^bWisdom in nursing science /^cพวงรัตน์ บุญญานุรักษ์
246 31 Wisdom in nursing science
260    [กรุงเทพฯ] :^bพระราม4 ปริ้นติ้ง,^c2546
300    421 หน้า :^c30 ซม.
650  7 การพยาบาล, องค์การและการบริหาร
650  7 พยาบาล, การให้บริการ
650  7 พยาบาล, การศึกษา
945    ^p380^l0^i026589
945    ^p380^l0^i018631
945    ^p380^l0^i017581
995    เกษร
999 ^a ใช้งานได้ทุกระบบ
รายการนี้ยังไม่มีแท็ก
คุณยังไม่ได้ล็อกอิน คุณสามารถมีกิจกรรมร่วมกับเว็บไซต์ได้ แต่ต้องล็อกอินก่อน ::
  ล็อกอิน

รายการสื่อสารสนเทศ

ลำดับที่ ประเภท เลขเรียก/บาร์โค้ด สถานที่ สถานะ
- ไม่พบข้อมูล -

รายการใกล้เคียง
    ผู้แต่ง [พวงรัตน์ บุญญานุรักษ์]

    หัวเรื่อง [การพยาบาล, องค์การและการบริหาร]
    หัวเรื่อง [พยาบาล, การให้บริการ]
    หัวเรื่อง [พยาบาล, การศึกษา]

BibComment


ยังไม่เคยถูกคอมเมนท์

คอมเมนท์ทรัพยากรรายการนี้
  คอมเมนท์: ขุมปัญญาทางพยาบาล..


 Copyright 2026. Bcnsprnw @Library